000 00628nam a2200229Ia 4500
005 20250108125127.0
008 008 250107s9999 xx 000 0 eng d
020 _a978-93-5521-164-4
037 _aTB
040 _aCRL
_beng
_cCRL
041 _asin
_2eng
084 _aV2,411.P1 Q4
084 _qCRL
100 _aLachhani Jagdish Au.
_9730444
245 0 _aChha sariya chha visariyan
_cLachhani Jagdish Au.
260 _aUlhasnagar, India
_bJagdish Lachhani
_c3408
300 _a228p.
365 _aINR
_b1295
650 _aSINDHI LITERATURE
942 _cTB
_hV2,411.P1 Q4
999 _c1235796
_d1235796